000 00551nam a2200193Ia 4500
005 20250508151738.0
008 008 250505s9999 xx 000 0 eng d
037 _aTextual
040 _aFEDL
_beng
_cFEDL
041 _aeng
_2eng
084 _a371.27, CRO
_qFEDL
100 _aCrofts J M
_9759875
245 0 _aSecondary school examination statistics
260 _aLondon, UK
_bLongmans, Green and Co.
_c1928
300 _a88p.
700 _a Jones D Caradog
_9759876
942 _cTEXL
_h371.27, CRO
999 _c1331871
_d1331871